Tu t'y connais en seau, Domi ? (mort subite) - Statistiques

Statistiques générales
  • Ce quiz a été pris 88 fois
  • Le résultat moyen est 3 sur 11
Answers on the Grid
Answers color-coded by a green-red scale on the quiz's grid according to % correct below.
d'eau
de chasteté
à roulettes
d'aisance
de vaseline
l'y laisse de dinde
à moules
do mi fa sol
à lécher
à pédale
D'ingénieur
à tétine
de bonbons
de levage
de Newton
 
Statistiques - réponses
Réponse % Correct
d'eau
95%
de bonbons
45%
à moules
32%
de levage
30%
à roulettes
20%
de Newton
20%
d'aisance
19%
à pédale
16%
à tétine
16%
à lécher
14%
D'ingénieur
12%
Aucun quiz correspondant
Distribution des résultats
% des personnes avec chaque résultat
Percentile par nombre de réponses
Votre historique - résultats
Vous n’avez pas pris ce quiz